Statistics for War and Peace Franchise

Click here to take the quiz!

General Stats

  • This quiz has been taken 18 times
  • The average score is 8 of 11

Answer Stats

TypeYearNameInfo% Correct
Novel1869War and PeaceLeo Tolstoy
100%
Film1915War and Peace????
100%
Opera1946War and PeaceSergei Prokofiev
100%
Film1956War and PeaceParamount / Dino de Laurentiis Cinematografica
100%
Film1966-1967War and PeaceContinental Distributing
100%
TV Show1972-1973War and PeaceBBC2
100%
TV Mini-Series2007War and PeaceRai 1 / RTBF / France 2
100%
TV Mini-Series2016War & PeaceBBC One
100%
Musical2012Natasha, Pierre & The Great Comet of 1812Dave Malloy
20%
Video Game2002War and Peace: 1796-1815Microïds
13%
Board Game1980War and Peace Game of the Napoleonic Wars: 1805-1815Avalon Hill
7%

Score Distribution

Percentile by Number Answered

Percent of People with Each Score

Your Score History

You have not taken this quiz